Building for Well-Being: Exploring Health-Focused Rating Systems for Design and Construction Professionals (Record no. 13482)

000 -LEADER
fixed length control field 00331 a2200097 4500
020 ## - INTERNATIONAL STANDARD BOOK NUMBER
International Standard Book Number 9780367539986
100 ## - MAIN ENTRY--PERSONAL NAME
Personal name Margaret van Bakergem and Traci Rose Rider
245 ## - TITLE STATEMENT
Title Building for Well-Being: Exploring Health-Focused Rating Systems for Design and Construction Professionals
250 ## - EDITION STATEMENT
Edition statement 1st edition
260 ## - PUBLICATION, DISTRIBUTION, ETC.
Name of publisher, distributor, etc. Routledge
Date of publication, distribution, etc. 2021
Holdings
Withdrawn status Lost status Source of classification or shelving scheme Damaged status Not for loan Permanent Location Current Location Date acquired Source of acquisition Cost, normal purchase price Barcode Date last seen Cost, replacement price Price effective from Koha item type
          BMS College of Architecture, Design and Planning BMS College of Architecture, Design and Planning 2025-08-30 10 4361.26 AR-UG4308 2025-08-30 6230.37 2025-08-30 UG Books
Copyright © 2025, The Librarian, Library and Information Centre, BMSCA D&P, Bengaluru. All Rights Reserved
web counter

Powered by Koha